Online
Catalog

Entre dos silencios / (Record no. 9894)

MARC details
000 -CABECERA
campo de control de longitud fija 00983nam a2200229 a 4500
001 - NÚMERO DE CONTROL
campo de control 000010135
005 - FECHA Y HORA DE LA ÚLTIMA TRANSACCIÓN
campo de control 20240412074215.0
008 - DATOS DE LONGITUD FIJA--INFORMACIÓN GENERAL
campo de control de longitud fija 091005s1987 dr 000 j spa d
040 ## - FUENTE DE LA CATALOGACIÓN
Centro catalogador/agencia de origen DO-SdBNP
Lengua de catalogación spa
Centro/agencia transcriptor BNPHU
082 ## - NÚMERO DE LA CLASIFICACIÓN DECIMAL DEWEY
Número de clasificación RD863.44
Número de documento/Ítem C764e
100 1# - ENTRADA PRINCIPAL--NOMBRE DE PERSONA
Nombre de persona Contreras, Hilma,
Fechas asociadas al nombre 1913-2006
9 (RLIN) 14873
245 10 - MENCIÓN DE TÍTULO
Título Entre dos silencios /
Mención de responsabilidad, etc. Hilma Contreras.
260 ## - PUBLICACIÓN, DISTRIBUCIÓN, ETC.
Lugar de publicación, distribución, etc. Santo Domingo :
Nombre del editor, distribuidor, etc. Taller,
Fecha de publicación, distribución, etc. 1987.
300 ## - DESCRIPCIÓN FÍSICA
Extensión 129 p. ;
Dimensiones 21 cm.
490 1# - MENCIÓN DE SERIE
Mención de serie Biblioteca Taller
Designación de volumen o secuencia 241
505 2# - NOTA DE CONTENIDO CON FORMATO
Título Plenitud --
-- La cabellera --
-- El cumpleaños de Vitalina --
-- El incendio --
-- Canícula --
-- La espera --
-- Argonautas --
-- La ventana --
-- Galetea --
-- Una visita --
-- El entierro de Marisol --
-- Mire, mamita --
-- Catador --
-- Ahora seremos felices --
-- El hombre que murió frente al mar --
-- Simplón.
590 ## - NOTA LOCAL (RLIN)
Nota local Inventariado, 2020/VM
650 #0 - PUNTO DE ACCESO ADICIONAL DE MATERIA--TÉRMINO DE MATERIA
Término de materia o nombre geográfico como elemento de entrada Cuentos dominicanos
9 (RLIN) 176
650 #0 - PUNTO DE ACCESO ADICIONAL DE MATERIA--TÉRMINO DE MATERIA
Término de materia o nombre geográfico como elemento de entrada Literatura dominicana.
9 (RLIN) 67
830 #0 - PUNTO DE ACCESO ADICIONAL DE SERIE-TÍTULO UNIFORME
Título uniforme Biblioteca Taller
Designación de volumen o secuencia 241
9 (RLIN) 164
910 ## - DATOS DE OPCIÓN DEL USUARIO (OCLC)
Datos de opción del usuario Validado. Control de calidad MMPOLINA
Holdings
Estado de retiro Estado de pérdida Restricciones de uso No para préstamo Código de colección Localización permanente Ubicación/localización actual Ubicación en estantería Fecha de adquisición Número de inventario Total de préstamos Signatura topográfica completa Código de barras Fecha visto por última vez Número de copia Precio válido a partir de Tipo de ítem Koha Nota pública
        Dominicana de Servicio General General Depósito 20.11.2009 LF1   RD863.44 C764e 10135-30 25.06.2020 e. 3 25.06.2020 Libro y Folleto Colección Dominicana de Servicio  
        Dominicana de Servicio General General Depósito 23.11.2009 LF1   RD863.44 C764e 10135-40 25.06.2020 e. 4 25.06.2020 Libro y Folleto Colección Dominicana de Servicio  
        Dominicana de Servicio General General Depósito 30.08.2011 LF1   RD863.44 C764e 10135-50 25.06.2020 e. 5 25.06.2020 Libro y Folleto Colección Dominicana de Servicio  
      Excluido de préstamo Patrimonio Dominicano Patrimonio Dominicano Patrimonio Dominicano Depósito 06.11.2009 LF1   RD863.44 C764e 10135-20 25.06.2020 e. 2 25.06.2020 Libro y Folleto Colección Patrimonio Dominicano Perteneció a la biblioteca personal de Aída Cartagena Portalatín.
      Excluido de préstamo Patrimonio Dominicano Patrimonio Dominicano Patrimonio Dominicano Depósito 05.10.2009 LF1   RD863.44 C764e 10135-10 25.06.2020   25.06.2020 Libro y Folleto Colección Patrimonio Dominicano Perteneció a la biblioteca personal de Aída Cartagena Portalatín.

Powered by Koha